A witness to genocide : the first inside account of the horrors of "ethnic cleansing" in Bosnia

Αποθηκεύτηκε σε:
Λεπτομέρειες βιβλιογραφικής εγγραφής
Κύριος συγγραφέας: Gutman, Roy
Μορφή: Βιβλίο
Γλώσσα:English
Δημοσίευση: Shaftesbury : Element Books, 1994
Θέματα:
Ετικέτες: Προσθήκη ετικέτας
Δεν υπάρχουν, Καταχωρήστε ετικέτα πρώτοι!

MARC

LEADER 00000nam a2200000 i 4500
001 1/23705
008 981126s1993 eng d
020 |a 1-85230-465-0 
035 |l 10036920 
040 |a GR-MY-UA  |b gre  |e aacr 
041 0 |a eng 
082 0 |a 949.742024 
100 1 |a Gutman, Roy. 
245 1 2 |a A witness to genocide :  |b the first inside account of the horrors of "ethnic cleansing" in Bosnia /  |c Roy Gutman 
260 |a Shaftesbury :   |b Element Books,   |c 1994 
300 |a 180 p.  |b ill. 
500 |a "A Lisa Drew book" 
650 0 0 |a Yugoslav War, 1991-1995  |z Bosnia and Hercegovina  |x Sources. 
650 0 0 |a Yugoslav War, 1991-1995  |x Atrocities  |x Sources. 
651 0 |a Bosnia and Hercegovina  |x History, Military  |x Sources. 
852 |a INST  |b LESVOS  |e 19981126  |h 949.742024 GUT  |p 005100017320  |q 005100017320  |t BK  |y 0 
901 |a BIBL-1999-1 
909 |a Λ  |b 059821 
922 |a 1ΕΛΗ  |b 199810  |c ΚΠΣ/ΤΚΑ  |d ΠΑΠΑΣΩΤΗΡΙΟΥ 
950 |a 117-1998-07-08